| LEADER 00000nam 2200000uu 4500 |
| 001 211761 |
| 003 ULIBM |
| 008 020711s2557 th a 000 0 tha d |
| 041 ^atha
|
| 060 4 WC503 ร451 2557
|
| 245 รายงานวิจัยนำร่อง การพัฒนาเครื่องมือและวิธีการเพื่อสำรวจการตีตราและการเลือกปฏิบัติประเด็นเกี่ยวเนื่องกับเอชไอวี/เอดส์ในสถานบริการสุขภาพของประเทศไทย/^cสำนักงานพัฒนานโยบายสุขภาพระหว่างประเทศ (IHPP) กระทรวงสาธารณสุข
|
| 246 30 ^aการสำรวจการตีตราและการเลือกปฏิบัติประเด็นที่เกี่ยวเนื่องกับเอชไอวี/เอดส์ในสถานบริการสุขภาพของประเทศไทย
|
| 260 นนทบุรี :^bสำนักงานพัฒนานโยบายสุขภาพระหว่างประเทศ (IHPP) กระทรวงสาธารณสุข,^c2557
|
| 300 x,165 หน้า :^bภาพประกอบ ;^c29 ซม.
|
| 650 4 โรคเอดส์^zไทย^xการป้องกันและควบคุม
|
| 650 4 ^aโรคเอดส์^zไทย^xสถานบริการสุขภาพ
|
| 650 4 ^aวิจัย
|
| 710 2 ^aกระทรวงสาธารณสุข. สำนักงานพัฒนานโยบายสุขภาพระหว่างประเทศ (IHPP)
|
| 710 2 ^aมหาวิทยาลัยเชียงใหม่. คณะแพทยศาสตร์. สถาบันวิจัยวิทยาศาสตร์สุขภาพ (RIHES)
|
| 710 2 ^aสำนักงานสาธารณสุขจังหวัดเชียงใหม่. กลุ่มงานควบคุมโรคเอดส์และโรคติดต่อทางเพศสัมพันธ์
|
| 710 2 ^aสำนักอนามัย. วัณโรคและโรคติดต่อทางเพศสัมพันธ์. กองควบคุมโรคเอดส์
|
| 999 ^aใช้งานได้ทุกระบบ
|